Viackriteriálne hodnotenie podnikov priemyslu Slovenskej republiky

Bibliographic Details
Main Author: Vojtková, Mária, 1966- (Author)
Format: Article
Language:Slovak
PhysicalDescription:Príl., tab.
ISSN:0323-262X
Subjects:

MARC

LEADER 00000nab a2200000 a 4500
001 vtls000846479
003 SK-MaSNL
005 20260426082210.0
008 250429c2003 xo 0 slo
015 |a SNBRB2003/09-23252 
035 |a CLN000198134 
035 |a urn:nbn:sk:snk-ab2e2m 
035 |a (urnnbn)urn:nbn:sk:snk:ar-a028if 
035 |a (uuid)48f55e53-194e-4649-8c5c-a4fa7a6b44cc 
040 |a SNKBUCL  |b slo  |c SNKBUCL  |e AACR2 
041 0 |a slo 
044 |a xo  |c SK 
080 |a 658.11(437.6):338.45:519.2  |2 1997 
080 |a 657.4:519.2  |2 1997 
080 |a 519.2  |2 1997 
100 1 |a Vojtková, Mária,  |d 1966-  |4 aut  |9 219993 
245 1 0 |a Viackriteriálne hodnotenie podnikov priemyslu Slovenskej republiky  |c Mária Vojtková 
300 |b Príl., tab. 
504 |a Res. angl. 
504 |a Bibliogr. odkazy 
650 0 7 |a priemyselné podniky  |2 snkbucl  |9 2346 
651 7 |a Slovensko  |2 snkbucl  |9 14231 
655 7 |a články z novín a časopisov  |2 snkbucl  |9 267496 
773 0 |t Ekonomické rozhľady  |g Roč. 32, č. 3 (2003), s. 320-331  |x 0323-262X 
850 |a Slovenská národná knižnica 
852 |a Slovenská národná knižnica 
954 |a odborná, vedecká literatúra pôvodná (slovenská)  |2 lita 
958 |a article27 
958 |a NB 
958 |a SK 
958 |a OND 
958 |a EUIPO 
992 |a RBX 
999 |c 2866113  |d 2868043